[Event "Oslo Chess Festival 2017 "]
[Site "Quality Hotel Expo, Fornebu"]
[Date "2017.09.29"]
[Round "4"]
[White "Nielsen, Andre"]
[Black "Aarnes, Carl Christian"]
[Result "1-0"]
[WhiteElo "2162"]
[BlackElo "1809"]
[PlyCount "55"]
[EventDate "2017.??.??"]

1. e4 e6 2. d4 d5 3. Nc3 dxe4 4. Nxe4 Nf6 5. Nxf6+ gxf6 6. Nf3 Nc6 7. g3 Qd5 8.
Bg2 Bd7 9. O-O Qh5 10. c3 O-O-O 11. b4 Nb8 12. a4 Bc6 13. b5 Bd5 14. Qe2 b6 15.
a5 Qg4 16. axb6 axb6 17. h3 Qe4 18. Be3 h5 19. c4 Bb7 20. Nh4 Qh7 21. Bxb7+
Kxb7 22. Qf3+ Kc8 23. Ra8 Kd7 24. Bf4 Rc8 25. Rxb8 e5 26. Qc6+ Kd8 27. Rxc8+
Kxc8 28. Ra1
1-0

[Event "Oslo Chess Festival 2017 "]
[Site "Quality Hotel Expo, Fornebu"]
[Date "2017.09.29"]
[Round "4"]
[White "Kvendseth, Thyra"]
[Black "Li, Xueyi"]
[Result "0-1"]
[WhiteElo "1810"]
[BlackElo "2157"]
[PlyCount "76"]
[EventDate "2017.??.??"]

1. d4 d5 2. c4 e6 3. Nf3 c6 4. e3 Nf6 5. Nc3 Nbd7 6. cxd5 exd5 7. Bd3 Bd6 8.
O-O O-O 9. Qc2 Re8 10. a3 Nf8 11. b4 a6 12. Rb1 Qc7 13. h3 Qe7 14. Na4 Ne4 15.
Nb6 Rb8 16. Nxc8 Rbxc8 17. Bb2 Bb8 18. g3 Rcd8 19. Ne5 Ng5 20. Kg2 f6 21. Nf3
Ne4 22. Nd2 Ng6 23. Nxe4 dxe4 24. Bc4+ Kh8 25. Qe2 Rf8 26. Rbd1 Qc7 27. Rh1 Ne7
28. a4 b5 29. Bb3 Qd6 30. Ba3 f5 31. Rc1 Qg6 32. Bc2 Nd5 33. Qe1 f4 34. exf4
Nxf4+ 35. Kf1 Nd3 36. Bxd3 exd3 37. Kg2 Rde8 38. Qc3 Re2
0-1

[Event "Oslo Chess Festival 2017 "]
[Site "Quality Hotel Expo, Fornebu"]
[Date "2017.09.29"]
[Round "4"]
[White "Lillevold, Frode"]
[Black "Svanholm, Børge Waaktaar"]
[Result "1-0"]
[WhiteElo "2128"]
[BlackElo "1806"]
[PlyCount "55"]
[EventDate "2017.??.??"]

1. d4 Nf6 2. c4 g6 3. Nc3 Bg7 4. e4 d6 5. f3 O-O 6. Be3 c5 7. d5 e6 8. Nge2
exd5 9. cxd5 a6 10. a4 Nbd7 11. Ng3 Re8 12. Be2 h5 13. O-O Ne5 14. Nh1 Rb8 15.
Nf2 Kh7 16. Qd2 Qc7 17. h3 Ng8 18. f4 Nd7 19. e5 dxe5 20. Nfe4 Nh6 21. fxe5 Nf5
22. d6 Qa5 23. Ng5+ Kg8 24. Rxf5 gxf5 25. Nxf7 Bxe5 26. Bc4 Kg7 27. Rf1 Bd4 28.
Bxd4+
1-0

[Event "Oslo Chess Festival 2017 "]
[Site "Quality Hotel Expo, Fornebu"]
[Date "2017.09.29"]
[Round "4"]
[White "Zhao, Shengxin"]
[Black "Jarve, Edvin"]
[Result "1-0"]
[WhiteElo "2113"]
[BlackElo "1805"]
[PlyCount "67"]
[EventDate "2017.??.??"]

1. d4 Nf6 2. c4 e6 3. g3 d5 4. Bg2 Be7 5. Nf3 O-O 6. O-O dxc4 7. Qc2 a6 8. a4
Bd7 9. Rd1 Bc6 10. Nc3 Bxf3 11. Bxf3 Nc6 12. Bxc6 bxc6 13. a5 Rb8 14. Na4 Qd5
15. Bf4 Rb7 16. Be5 Rfb8 17. Rdc1 Ng4 18. Qxc4 Nxe5 19. Qxd5 cxd5 20. dxe5 Rb5
21. Rxc7 Bd8 22. Rc6 Rxa5 23. b4 Rxb4 24. Rc8 g6 25. Rxd8+ Kg7 26. Rc1 Raxa4
27. Rc7 Rc4 28. Ra7 Ra1+ 29. Kg2 Re1 30. Rdd7 Rxe2 31. Rxf7+ Kh6 32. h4 g5 33.
Kf3 Rxe5 34. Rf6+
1-0

[Event "Oslo Chess Festival 2017 "]
[Site "Quality Hotel Expo, Fornebu"]
[Date "2017.09.29"]
[Round "4"]
[White "Sjøberg, Isak"]
[Black "Tostrup, Trond"]
[Result "1/2-1/2"]
[WhiteElo "2078"]
[BlackElo "1717"]
[PlyCount "138"]
[EventDate "2017.??.??"]

1. e4 c6 2. d4 d5 3. Nc3 dxe4 4. Nxe4 Nf6 5. Nxf6+ gxf6 6. c3 Bf5 7. Nf3 Nd7 8.
g3 Qc7 9. Bg2 Bg7 10. Nh4 Bg6 11. f4 f5 12. O-O O-O 13. a4 Rad8 14. b4 Nb6 15.
Qb3 Rd7 16. Re1 Rfd8 17. Bb2 Nd5 18. Nf3 e6 19. Ne5 Re7 20. Kh1 Qc8 21. b5 f6
22. Nd3 Be8 23. Ba3 Rc7 24. Bxd5 cxd5 25. Nc5 Bf7 26. Rac1 b6 27. Na6 Rc4 28.
Re3 Bf8 29. Bxf8 Kxf8 30. Nb4 Be8 31. Rce1 Bd7 32. Qa3 Kg7 33. Rc1 Rf8 34. Nd3
h5 35. Qa1 Qb8 36. Rc2 Rh8 37. Nb4 h4 38. Kg1 Qc8 39. Qd1 h3 40. Qe2 Qc7 41.
Kf2 Qc8 42. Qd2 Qc7 43. Rc1 Qc8 44. Rce1 Re8 45. Qb2 Qc7 46. Qb3 Qc8 47. R1e2
Qc7 48. Ke1 Rc8 49. Kd2 Qd8 50. Rd3 Qc7 51. Ree3 Qd6 52. Qd1 Rh8 53. Ke1 Qc7
54. Qe2 Qd6 55. Qf3 Rh7 56. Qd1 Rh8 57. Kd2 Rh7 58. Qb3 Rh8 59. Nc2 a6 60. Na3
axb5 61. axb5 Rhc8 62. Re1 R4c7 63. Ra1 Kg6 64. Kc2 Qe7 65. Kb2 Ra7 66. Re3 Qd6
67. Qc2 Rca8 68. Qb3 Qf8 69. Ree1 Qe8
1/2-1/2

[Event "Oslo Chess Festival 2017 "]
[Site "Quality Hotel Expo, Fornebu"]
[Date "2017.09.29"]
[Round "4"]
[White "Aure, Anders Nilsson"]
[Black "Bentsen, Håkon"]
[Result "0-1"]
[WhiteElo "1803"]
[BlackElo "2071"]
[PlyCount "66"]
[EventDate "2017.??.??"]

1. c4 Nf6 2. Nc3 e6 3. d4 Bb4 4. Qb3 c5 5. dxc5 Nc6 6. Nf3 Ne4 7. Bd2 Nxd2 8.
Nxd2 Nd4 9. Qd1 f5 10. e3 Nc6 11. Be2 O-O 12. Qc2 Bxc5 13. O-O b6 14. a3 Bb7
15. b4 Bd6 16. Rfd1 Rc8 17. Nf3 Bb8 18. Qd2 Ne5 19. Nxe5 Bxe5 20. Rac1 Qf6 21.
g3 g5 22. Nb5 f4 23. exf4 gxf4 24. Bf1 fxg3 25. fxg3 a6 26. Nc3 Qf3 27. Bg2
Bd4+ 28. Kh1 Qxg2+ 29. Qxg2 Bxg2+ 30. Kxg2 Rxc4 31. Ne4 Rxc1 32. Rxc1 d5 33.
Ng5 Be3
0-1

[Event "Oslo Chess Festival 2017 "]
[Site "Quality Hotel Expo, Fornebu"]
[Date "2017.09.29"]
[Round "4"]
[White "Ali, Karim"]
[Black "Gonzàles, Francisco Silva"]
[Result "1-0"]
[WhiteElo "1755"]
[BlackElo "2046"]
[PlyCount "93"]
[EventDate "2017.??.??"]

1. d4 Nf6 2. c4 e6 3. Nc3 Bb4 4. Qc2 Nc6 5. Nf3 d6 6. a3 Bxc3+ 7. Qxc3 O-O 8.
Bg5 h6 9. Bh4 Re8 10. e3 e5 11. d5 Nb8 12. Be2 Nbd7 13. O-O a5 14. b4 b6 15.
Qc2 g5 16. Bg3 Qe7 17. h3 Nf8 18. Nd2 Bd7 19. Rfd1 Ra7 20. c5 b5 21. c6 Bc8 22.
Bxb5 axb4 23. e4 bxa3 24. f3 Ng6 25. Nf1 Nf4 26. Ra2 Kh8 27. Rda1 Ra5 28. Qc4
N6h5 29. Bf2 f5 30. Rxa3 Rxa3 31. Rxa3 fxe4 32. fxe4 Rf8 33. Ba6 Bxa6 34. Qxa6
Qf7 35. Be1 Qg6 36. Qc4 g4 37. h4 Qf6 38. Ne3 Qg6 39. Nf5 Nf6 40. Ra7 N6xd5 41.
exd5 Qxf5 42. Rxc7 Qb1 43. Qb4 g3 44. Rc8 Ne2+ 45. Kh1 Qxb4 46. Rxf8+ Kg7 47.
Bxb4
1-0

[Event "Oslo Chess Festival 2017 "]
[Site "Quality Hotel Expo, Fornebu"]
[Date "2017.09.29"]
[Round "4"]
[White "Ilyes, Peter"]
[Black "Wright, Haakon"]
[Result "0-1"]
[WhiteElo "1996"]
[BlackElo "1795"]
[PlyCount "48"]
[EventDate "2017.??.??"]

1. d4 Nf6 2. Nf3 e6 3. Bf4 c5 4. e3 d5 5. c3 Qb6 6. Qc2 Nc6 7. Nbd2 Bd7 8. h3
Rc8 9. Rc1 cxd4 10. exd4 Be7 11. Qb1 Ne4 12. Nxe4 dxe4 13. Nd2 f5 14. Nc4 Qd8
15. Nd6+ Bxd6 16. Bxd6 Qg5 17. h4 Qh6 18. g3 Nxd4 19. Bg2 Bb5 20. Rd1 Qh5 21.
Rd2 Nf3+ 22. Bxf3 Qxf3 23. Rh2 e3 24. fxe3 Qf1#
0-1

[Event "Oslo Chess Festival 2017 "]
[Site "Quality Hotel Expo, Fornebu"]
[Date "2017.09.29"]
[Round "4"]
[White "Vitenberg, Noam Aviv"]
[Black "Eidukas, Paulius"]
[Result "1-0"]
[WhiteElo "1989"]
[BlackElo "1546"]
[PlyCount "65"]
[EventDate "2017.??.??"]

1. d4 Nf6 2. c4 g6 3. Nc3 Bg7 4. e4 d6 5. Nf3 O-O 6. Be2 e5 7. Be3 Nc6 8. d5
Ne7 9. Nd2 Ne8 10. b4 f5 11. f3 f4 12. Bf2 g5 13. c5 Rf7 14. Nc4 Ng6 15. a4 a6
16. b5 axb5 17. axb5 Rxa1 18. Qxa1 dxc5 19. Bxc5 Nd6 20. b6 g4 21. bxc7 Qh4+
22. Kd2 Nxc4+ 23. Bxc4 gxf3 24. gxf3 Qh3 25. Qf1 Qxf1 26. Rxf1 Nf8 27. Bxf8
Kxf8 28. d6 Rf6 29. Nb5 Ke8 30. Ra1 Bf8 31. Ra8 Kd7 32. Rxc8 Bxd6 33. Rd8+
1-0

[Event "Oslo Chess Festival 2017 "]
[Site "Quality Hotel Expo, Fornebu"]
[Date "2017.09.29"]
[Round "4"]
[White "Roque Sola, Maria Fernanda"]
[Black "Larsen, Ulrik"]
[Result "1/2-1/2"]
[WhiteElo "1746"]
[BlackElo "1975"]
[PlyCount "52"]
[EventDate "2017.??.??"]

1. c4 g6 2. g3 Bg7 3. Bg2 Nf6 4. Nc3 O-O 5. Nf3 d6 6. O-O Nc6 7. Rb1 a6 8. b4
e5 9. a4 Re8 10. b5 axb5 11. axb5 Nb8 12. Bb2 Nbd7 13. Ra1 Rxa1 14. Qxa1 Nc5
15. Na4 Nfe4 16. Nxc5 Nxc5 17. d3 Bg4 18. h3 Bd7 19. Nd2 Qc8 20. Kh2 Bh6 21.
Bc3 Qd8 22. Ne4 Nxe4 23. Bxe4 c6 24. bxc6 bxc6 25. Qa6 Qc8 26. Qxc8 Rxc8
1/2-1/2

[Event "Oslo Chess Festival 2017 "]
[Site "Quality Hotel Expo, Fornebu"]
[Date "2017.09.29"]
[Round "4"]
[White "Wetle Hoem, Tor"]
[Black "Markussen, Petter B"]
[Result "1-0"]
[WhiteElo "1965"]
[BlackElo "1756"]
[PlyCount "51"]
[EventDate "2017.??.??"]

1. d4 Nf6 2. Nf3 g6 3. c4 Bg7 4. Nc3 O-O 5. g3 d6 6. Bg2 Nc6 7. O-O Bd7 8. Qc2
e5 9. dxe5 dxe5 10. Rd1 Qc8 11. Bg5 h6 12. Bxf6 Bxf6 13. Qd2 Be6 14. Qxh6 Bxc4
15. Ne4 Bg7 16. Qh4 Bxe2 17. Nfg5 Bh5 18. Bh3 f5 19. Nc5 Nd4 20. Rxd4 exd4 21.
Bf1 Bf6 22. Bc4+ Kh8 23. Qf4 Qd8 24. Nge6 Qe7 25. Nxf8 Rxf8 26. Qh6+
1-0

[Event "Oslo Chess Festival 2017 "]
[Site "Quality Hotel Expo, Fornebu"]
[Date "2017.09.29"]
[Round "4"]
[White "Lindblom, Roar"]
[Black "Vangen, David Luangtep"]
[Result "1-0"]
[WhiteElo "1940"]
[BlackElo "1499"]
[PlyCount "77"]
[EventDate "2017.??.??"]

1. d4 Nf6 2. c4 g6 3. Nc3 Bg7 4. e4 d6 5. f4 e5 6. fxe5 dxe5 7. d5 O-O 8. Nf3
a6 9. Bd2 c6 10. Be2 cxd5 11. cxd5 Nbd7 12. Qc2 b5 13. Be3 Bb7 14. Nd2 Rc8 15.
b4 Ng4 16. Bxg4 Qh4+ 17. Bf2 Qxg4 18. O-O f5 19. Qd3 fxe4 20. Ncxe4 Nf6 21. h3
Qd7 22. Bc5 Nxe4 23. Rxf8+ Bxf8 24. Nxe4 Bxc5+ 25. bxc5 Kg7 26. Rd1 Rd8 27. Nd6
Qc7 28. Qe3 e4 29. Qd4+ Kg8 30. Nxb7 Qxb7 31. Qxe4 Qd7 32. d6 Rc8 33. Qd5+ Kg7
34. Qe5+ Kh6 35. Rd4 g5 36. Qf6+ Kh5 37. g4+ Kh4 38. Kh2 h5 39. Qf2#
1-0

[Event "Oslo Chess Festival 2017 "]
[Site "Quality Hotel Expo, Fornebu"]
[Date "2017.09.29"]
[Round "4"]
[White "Kleinert, Juergen"]
[Black "Mikalsen, Bengt Arne"]
[Result "1-0"]
[WhiteElo "1918"]
[BlackElo "1727"]
[PlyCount "55"]
[EventDate "2017.??.??"]

1. e4 e5 2. Nc3 Be7 3. Bc4 Nf6 4. f4 d6 5. Nf3 Be6 6. Bxe6 fxe6 7. fxe5 dxe5 8.
Nxe5 Bc5 9. Nf3 Nc6 10. d3 Ng4 11. Bg5 Qd7 12. Bh4 Nb4 13. Qe2 Ne3 14. Rc1 O-O
15. a3 Nc6 16. Na4 Nd4 17. Nxc5 Nxe2 18. Nxd7 Nxc1 19. Nxf8 Nxg2+ 20. Kf2 Nxh4
21. Nxe6 Nxf3 22. Kxf3 Re8 23. Nf4 Rf8 24. Ke3 g5 25. Ne6 Rf6 26. Nxg5 h6 27.
Nf3 Na2 28. Ra1
1-0

[Event "Oslo Chess Festival 2017 "]
[Site "Quality Hotel Expo, Fornebu"]
[Date "2017.09.29"]
[Round "4"]
[White "Reigstad, Erlend"]
[Black "Enersen, Eirik S."]
[Result "0-1"]
[WhiteElo "1687"]
[BlackElo "1911"]
[PlyCount "22"]
[EventDate "2017.??.??"]

1. e4 c5 2. Nf3 g6 3. d4 cxd4 4. Qxd4 Nf6 5. Bc4 Nc6 6. Qc3 d6 7. b4 Bg7 8. Qb3
O-O 9. Ng5 e6 10. Nc3 Nd4 11. Qb1 Qc7
0-1

[Event "Oslo Chess Festival 2017 "]
[Site "Quality Hotel Expo, Fornebu"]
[Date "2017.09.29"]
[Round "4"]
[White "Nordquelle, Amelia"]
[Black "Roque Sola, Andrea"]
[Result "1-0"]
[WhiteElo "1546"]
[BlackElo "1900"]
[PlyCount "67"]
[EventDate "2017.??.??"]

1. e4 e6 2. d4 d5 3. exd5 exd5 4. Nf3 Bd6 5. Nc3 c6 6. Bg5 f6 7. Bh4 Ne7 8. Bd3
O-O 9. O-O Bg4 10. Re1 Qc7 11. h3 Bf5 12. Rxe7 Qxe7 13. Bxf5 g6 14. Bd3 g5 15.
Bg3 Bxg3 16. fxg3 Qd6 17. g4 Nd7 18. Bf5 Rf7 19. Qe2 Re7 20. Qd3 Rae8 21. Kf2
Nb6 22. b3 Re3 23. Qxe3 Rxe3 24. Kxe3 c5 25. Ne2 c4 26. Kf2 Qa3 27. bxc4 Nxc4
28. Be6+ Kg7 29. Bxd5 Ne3 30. Bb3 Qe7 31. Ng3 Qc7 32. Nh5+ Kg6 33. Re1 Nc4 34.
Re6
1-0

[Event "Oslo Chess Festival 2017 "]
[Site "Quality Hotel Expo, Fornebu"]
[Date "2017.09.29"]
[Round "4"]
[White "Schouten, Mathias Lind"]
[Black "Abdrlauf, Elham"]
[Result "0-1"]
[WhiteElo "1718"]
[BlackElo "1899"]
[PlyCount "108"]
[EventDate "2017.??.??"]

1. e4 c6 2. d4 d5 3. exd5 cxd5 4. Nf3 Nf6 5. Bf4 Nc6 6. c3 Bf5 7. Qb3 Qc8 8.
Ne5 Bxb1 9. Rxb1 g6 10. Bg3 Bg7 11. Bd3 O-O 12. O-O e6 13. Rfc1 Nh5 14. Nxc6
bxc6 15. Bd6 Rd8 16. Bc5 e5 17. Bf1 Nf4 18. Rd1 Qg4 19. Qc2 e4 20. Re1 h5 21.
Re3 h4 22. h3 Qg5 23. Kh1 f5 24. g3 Nh5 25. Be2 Nxg3+ 26. Rxg3 hxg3 27. fxg3
Qxg3 28. Bf1 f4 29. Qg2 Qxg2+ 30. Kxg2 f3+ 31. Kf2 Bf8 32. Bxf8 Rxf8 33. a4
Rae8 34. Ke3 Kg7 35. a5 Kh6 36. b4 Kh5 37. Rb2 Kh4 38. b5 Rb8 39. c4 Kg3 40.
cxd5 cxd5 41. b6 axb6 42. axb6 Rf6 43. Rb5 Rd6 44. b7 Rd7 45. Rb6 Rdxb7 46.
Rxg6+ Kh2 47. Rg5 Rb1 48. Ba6 R8b6 49. Bc8 R6b3+ 50. Kf4 f2 51. Ba6 Rf3+ 52.
Ke5 f1=Q 53. Bxf1 Rfxf1 54. Kxd5 Rb5+
0-1

[Event "Oslo Chess Festival 2017 "]
[Site "Quality Hotel Expo, Fornebu"]
[Date "2017.09.29"]
[Round "4"]
[White "Nilsen, Tobias Lang"]
[Black "Nygaard, Karl Magnus"]
[Result "0-1"]
[WhiteElo "1899"]
[BlackElo "1661"]
[PlyCount "160"]
[EventDate "2017.??.??"]

1. e4 e6 2. d4 d5 3. Nd2 c5 4. Ngf3 Nc6 5. c3 Nf6 6. e5 Nd7 7. Bd3 Qb6 8. c4
cxd4 9. cxd5 Ncxe5 10. Nxe5 Nxe5 11. Be4 exd5 12. Bxd5 Nd3+ 13. Kf1 Ne5 14. Qe2
Qd6 15. Bc4 Be6 16. Bb5+ Nc6 17. Ne4 Qd7 18. Bg5 Be7 19. Re1 O-O 20. Bxe7 Qxe7
21. Qh5 h6 22. h4 Qb4 23. Bd3 Bc4 24. Bxc4 Qxc4+ 25. Kg1 Qe6 26. Qd1 Rfe8 27.
Re2 f5 28. Ng3 Qxa2 29. Kh2 Rxe2 30. Qxe2 Qf7 31. Re1 Rf8 32. Qb5 a6 33. Qc5
Qf6 34. h5 f4 35. Ne4 Qh4+ 36. Kg1 f3 37. Qd5+ Kh7 38. gxf3 Rxf3 39. Ng3 Rf8
40. Qb3 Qf4 41. Qc2+ Kh8 42. Re4 Qf6 43. Qe2 a5 44. Re6 Qf4 45. Re4 Qf7 46. f4
Qb3 47. Kg2 d3 48. Qd2 Qd5 49. Kh2 b5 50. Re3 Nb4 51. Re5 Qf3 52. f5 Qc6 53.
Kh3 Nd5 54. Re6 Qc7 55. Kg4 Qc4+ 56. Kf3 Nf6 57. Kg2 Qd5+ 58. Kh2 b4 59. Kh3 b3
60. Re3 Rd8 61. Re6 Rd6 62. Kh2 Rxe6 63. fxe6 Qxe6 64. Qxd3 Ng4+ 65. Kg2 Qc6+
66. Qf3 Ne3+ 67. Kf2 Qxf3+ 68. Kxf3 Nd1 69. Ne4 Nxb2 70. Nc5 a4 71. Ke4 Nc4 72.
Nxa4 b2 73. Nc3 Nd2+ 74. Kf5 b1=Q+ 75. Nxb1 Nxb1 76. Kg6 Kg8 77. Kf5 Kf7 78.
Kg4 Kf6 79. Kf4 Nc3 80. Kg4 Nd5
0-1

[Event "Oslo Chess Festival 2017 "]
[Site "Quality Hotel Expo, Fornebu"]
[Date "2017.09.29"]
[Round "4"]
[White "Sajjadi, Kimiya"]
[Black "Tunsjø, Axel"]
[Result "1-0"]
[WhiteElo "1893"]
[BlackElo "1519"]
[PlyCount "111"]
[EventDate "2017.??.??"]

1. d4 Nf6 2. c4 e6 3. Nc3 d5 4. cxd5 exd5 5. Bg5 c6 6. e3 Bd6 7. Qc2 O-O 8. Bd3
h6 9. Bh4 Re8 10. Rc1 Be6 11. Nge2 Nbd7 12. f3 a6 13. O-O c5 14. Bf2 Rc8 15.
Bf5 b5 16. Bxe6 fxe6 17. Qd1 c4 18. a3 Qc7 19. Ng3 h5 20. Re1 Rf8 21. Qc2 e5
22. Qg6 Rf7 23. Nf5 Kf8 24. Nxd5 Qc6 25. Nxd6 Qxd6 26. Nxf6 Rxf6 27. Qxh5 Rh6
28. Qf5+ Kg8 29. Bg3 Rf8 30. Qe4 Qe6 31. dxe5 Nc5 32. Qd4 Nd3 33. Rb1 Nxe1 34.
Rxe1 Qg6 35. Rd1 Qc2 36. Rd2 Qc1+ 37. Kf2 Kh8 38. Qd7 a5 39. Bf4 Rg6 40. Rd1
Qxb2+ 41. Rd2 Qc1 42. Re2 Qb1 43. e6 Qf5 44. e7 Qxd7 45. exf8=Q+ Kh7 46. Qc5
Rc6 47. Qxb5 c3 48. Rc2 Qe6 49. Qd3+ Kh8 50. Rxc3 Rb6 51. Qd8+ Kh7 52. Qh4+ Kg8
53. Qd8+ Kh7 54. Qd2 a4 55. Qc2+ Kh8 56. Rc8+
1-0

[Event "Oslo Chess Festival 2017 "]
[Site "Quality Hotel Expo, Fornebu"]
[Date "2017.09.29"]
[Round "4"]
[White "Melaa, Sondre Lillestøl"]
[Black "Martinsen, Vegard"]
[Result "0-1"]
[WhiteElo "1883"]
[BlackElo "1443"]
[PlyCount "46"]
[EventDate "2017.??.??"]

1. e4 e5 2. Nf3 Nc6 3. d4 Qf6 4. d5 Nd4 5. Be3 Nxf3+ 6. gxf3 Bb4+ 7. c3 Ba5 8.
Nd2 Ne7 9. Qa4 Bb6 10. Bxb6 cxb6 11. O-O-O O-O 12. Rg1 Ng6 13. Rg3 Nf4 14. Nc4
Qh6 15. Nxe5 Nd3+ 16. Kb1 Nxe5 17. Qd4 d6 18. Be2 Qf6 19. Rdg1 Ng6 20. Qe3 Re8
21. f4 Rxe4 22. Qd2 Bf5 23. Bd3 Rxf4
0-1

[Event "Oslo Chess Festival 2017 "]
[Site "Quality Hotel Expo, Fornebu"]
[Date "2017.09.29"]
[Round "4"]
[White "Khoo-Thwe, Louis"]
[Black "Omtvedt, Per"]
[Result "1-0"]
[WhiteElo "1653"]
[BlackElo "1880"]
[PlyCount "107"]
[EventDate "2017.??.??"]

1. d4 Nf6 2. Bg5 d5 3. Bxf6 exf6 4. Nc3 f5 5. g3 c6 6. Bg2 Bd6 7. e3 Be6 8.
Nge2 Nd7 9. a3 O-O 10. b4 b5 11. O-O a5 12. bxa5 Rxa5 13. a4 b4 14. Nb1 Nb6 15.
c3 Qa8 16. cxb4 Rxa4 17. Rxa4 Qxa4 18. Qxa4 Nxa4 19. Rc1 Bd7 20. b5 cxb5 21.
Bxd5 Rb8 22. Nd2 Kf8 23. Nf3 f6 24. Bc6 Ke7 25. Bxd7 Kxd7 26. Nf4 Bxf4 27. gxf4
b4 28. Nd2 b3 29. Rc4 b2 30. Rxa4 b1=Q+ 31. Nxb1 Rxb1+ 32. Kg2 Rb7 33. Ra8 Ke6
34. Kf3 g6 35. Re8+ Kd5 36. Rf8 Ke6 37. Rc8 Rd7 38. Rc2 Kd5 39. Ke2 Ra7 40. f3
Rb7 41. Kd3 Rb3+ 42. Rc3 Rb2 43. e4+ fxe4+ 44. fxe4+ Kd6 45. e5+ fxe5 46. fxe5+
Kd5 47. Rc5+ Ke6 48. Rc2 Rb3+ 49. Ke4 Rh3 50. d5+ Kd7 51. e6+ Kd6 52. Rc6+ Ke7
53. Rc7+ Ke8 54. d6
1-0

[Event "Oslo Chess Festival 2017 "]
[Site "Quality Hotel Expo, Fornebu"]
[Date "2017.09.29"]
[Round "4"]
[White "Huse, Sigurd Kjelsbøl"]
[Black "Bentsen, Morten"]
[Result "1-0"]
[WhiteElo "1876"]
[BlackElo "1292"]
[PlyCount "71"]
[EventDate "2017.??.??"]

1. e4 e5 2. Nf3 Nc6 3. Bb5 g6 4. O-O Bg7 5. d3 Nge7 6. Nc3 O-O 7. h3 d6 8. Nh2
Be6 9. Ng4 f5 10. exf5 Nxf5 11. Ne4 h6 12. c3 Qe7 13. Bd2 d5 14. Bxc6 bxc6 15.
Ng3 Qh4 16. Nxf5 Rxf5 17. f4 Raf8 18. Qe2 Qh5 19. Rae1 e4 20. dxe4 dxe4 21.
Qxe4 Bd5 22. Qa4 Rd8 23. Rf2 Bf8 24. Be3 a5 25. Bd4 Qh4 26. Qc2 Kh7 27. Ref1
Re8 28. Ne3 Be4 29. Qb3 Re7 30. Nxf5 Bxf5 31. Bc5 Be6 32. Bxe7 Bxe7 33. Qxe6
Bc5 34. Qe2 Qxf4 35. Qe7+ Bxe7 36. Rxf4
1-0

[Event "Oslo Chess Festival 2017 "]
[Site "Quality Hotel Expo, Fornebu"]
[Date "2017.09.29"]
[Round "4"]
[White "Tenold, Andreas"]
[Black "Holand, Per Fredrik"]
[Result "0-1"]
[WhiteElo "1625"]
[BlackElo "1866"]
[PlyCount "60"]
[EventDate "2017.??.??"]

1. Nf3 Nf6 2. d4 e6 3. c4 c5 4. Bf4 d5 5. e3 Nc6 6. Nc3 dxc4 7. Bxc4 cxd4 8.
exd4 Bb4 9. O-O O-O 10. a3 Be7 11. Qd2 b6 12. Rfd1 Bb7 13. b4 Rc8 14. Bb3 Nxb4
15. axb4 Bxb4 16. Rxa7 Bxf3 17. gxf3 Bxc3 18. Qd3 Nd5 19. Bc2 g6 20. Bh6 Re8
21. Bb3 Qh4 22. Bxd5 Qxh6 23. Bc4 Bb4 24. d5 Red8 25. Qb3 Bd6 26. dxe6 Qxh2+
27. Kf1 Bc5 28. exf7+ Kf8 29. Rxd8+ Rxd8 30. Qa2 Qh1+
0-1

[Event "Oslo Chess Festival 2017 "]
[Site "Quality Hotel Expo, Fornebu"]
[Date "2017.09.29"]
[Round "4"]
[White "Al-Tarbosh, Ward"]
[Black "Mikelsen, Mattis"]
[Result "1-0"]
[WhiteElo "2270"]
[BlackElo "1754"]
[PlyCount "107"]
[EventDate "2017.??.??"]

1. e4 c6 2. Nf3 d5 3. Nc3 Bg4 4. h3 Bxf3 5. Qxf3 e6 6. d3 Nd7 7. Bd2 Qb6 8.
O-O-O Bd6 9. Qg4 Qxf2 10. Qxg7 Be5 11. Qg4 Ngf6 12. Qf3 Qxf3 13. gxf3 Nh5 14.
Ne2 Ng3 15. Nxg3 Bxg3 16. Rg1 Rg8 17. Be2 Nf6 18. Rg2 Kd7 19. Rdg1 Bf2 20. Rxg8
Rxg8 21. Rxg8 Nxg8 22. f4 Ne7 23. c4 c5 24. cxd5 exd5 25. Bg4+ Kc6 26. Kd1 Bd4
27. b3 b6 28. Ke2 Ng6 29. Bf5 Kd6 30. Bc8 Ne7 31. Bg4 Ng6 32. Kf3 b5 33. e5+
Ke7 34. Kg3 c4 35. Bb4+ Ke8 36. dxc4 bxc4 37. bxc4 dxc4 38. Kf3 Bb2 39. Ke4 c3
40. Bd1 Kd7 41. Ba4+ Kc7 42. Bd6+ Kd8 43. Bc5 a6 44. Bd4 Bc1 45. f5 Nf4 46.
Bxc3 Nxh3 47. Ba5+ Ke7 48. Bb4+ Kd8 49. Kd5 Nf4+ 50. Kc6 h5 51. Kb7 Nd5 52. Bd6
Bf4 53. Bc6 Ne3 54. f6
1-0

[Event "Oslo Chess Festival 2017 "]
[Site "Quality Hotel Expo, Fornebu"]
[Date "2017.09.29"]
[Round "4"]
[White "Beitnes, Andreas Røberg"]
[Black "Garcia, Megan Alyssa"]
[Result "1-0"]
[WhiteElo "1430"]
[BlackElo "1646"]
[PlyCount "95"]
[EventDate "2017.??.??"]

1. e4 d5 2. exd5 Nf6 3. d4 Nxd5 4. Bc4 e6 5. Nf3 Nb6 6. Bb3 c5 7. c3 Nc6 8. Be3
c4 9. Bc2 Nd5 10. Nbd2 Be7 11. Nxc4 Qc7 12. Ba4 O-O 13. Nfe5 Nxe5 14. Nxe5 Nxe3
15. fxe3 Bh4+ 16. g3 Bf6 17. Ng4 Be7 18. Qd3 b5 19. Bxb5 Rb8 20. Rb1 Qb7 21.
O-O Qxb5 22. Qxb5 Rxb5 23. c4 Ra5 24. Ra1 Ba6 25. Ne5 Bd6 26. Nc6 Rg5 27. Rac1
Bb7 28. Nxa7 Rb8 29. c5 Bxg3 30. c6 Bxc6 31. Rxc6 Bh4+ 32. Kh1 h6 33. Rc8+ Rxc8
34. Nxc8 Rb5 35. b3 Rb8 36. Nd6 Ra8 37. a4 Rb8 38. Nb5 Bg5 39. e4 Be3 40. Kg2
Bd2 41. Rd1 Bb4 42. Rc1 Rd8 43. Rc4 Bd2 44. b4 f5 45. e5 g5 46. a5 Rb8 47. a6
g4 48. Nc7
1-0

[Event "Oslo Chess Festival 2017 "]
[Site "Quality Hotel Expo, Fornebu"]
[Date "2017.09.29"]
[Round "4"]
[White "Bernstein, Jonas August"]
[Black "Smedsrud, Morten S"]
[Result "1-0"]
[WhiteElo "1645"]
[BlackElo "1371"]
[PlyCount "97"]
[EventDate "2017.??.??"]

1. d4 Nf6 2. c4 e6 3. Nc3 d5 4. cxd5 exd5 5. Bg5 Be7 6. e3 O-O 7. Bd3 Re8 8.
Nge2 Nbd7 9. O-O c5 10. dxc5 Nxc5 11. Bc2 Be6 12. Qd4 Rc8 13. Rac1 Nce4 14.
Nxe4 Nxe4 15. Bxe7 Rxe7 16. Rfd1 Nf6 17. Nc3 Rec7 18. Qxa7 Ng4 19. h3 Ne5 20.
Qd4 Nc6 21. Qf4 Rd7 22. Nb5 h6 23. Nd4 Nxd4 24. Qxd4 Rdc7 25. Qd2 Qg5 26. Kh2
Qe5+ 27. Kh1 f5 28. Bb3 Rxc1 29. Rxc1 Rxc1+ 30. Qxc1 g5 31. Qc3 Qxc3 32. bxc3
Kf7 33. Kg1 Kf6 34. Kf1 Ke5 35. Ke2 f4 36. Kf3 h5 37. Ke2 g4 38. hxg4 Bxg4+ 39.
f3 Be6 40. e4 h4 41. exd5 Bxd5 42. Bxd5 Kxd5 43. Kd3 b5 44. c4+ bxc4+ 45. Kc3
Kc5 46. a4 Kb6 47. Kxc4 Ka5 48. Kd4 Kxa4 49. Ke4
1-0

[Event "Oslo Chess Festival 2017 "]
[Site "Quality Hotel Expo, Fornebu"]
[Date "2017.09.29"]
[Round "4"]
[White "Roksvold, Thore"]
[Black "Vestby, Anniken"]
[Result "1-0"]
[WhiteElo "1479"]
[BlackElo "1289"]
[PlyCount "133"]
[EventDate "2017.??.??"]

1. d4 f5 2. Nc3 e6 3. Bf4 Nf6 4. f3 d5 5. e3 c6 6. Be5 Be7 7. f4 O-O 8. Bd3
Nbd7 9. Bxf6 Nxf6 10. Nf3 Ng4 11. Qe2 Bd6 12. h3 Nf6 13. O-O-O Qa5 14. a3 Bxa3
15. Nb1 Bd6 16. c3 c5 17. g4 fxg4 18. hxg4 h6 19. g5 Ne4 20. gxh6 gxh6 21. Rxh6
Kf7 22. Ne5+ Ke8 23. Qh5+ Kd8 24. Bxe4 dxe4 25. Nf7+ Kc7 26. Nxd6 Kxd6 27.
dxc5+ Kc6 28. Qe5 Qxc5 29. Qxe4+ Kb6 30. Rd4 a6 31. Rg6 Ka7 32. Rc4 Qd5 33. Rg5
Qxe4 34. Rxe4 Rd8 35. Rd4 Rh8 36. Re5 Rh1+ 37. Kc2 Rh2+ 38. Kb3 b5 39. Nd2 Rb8
40. Ne4 Rb6 41. Rd6 Rxd6 42. Nxd6 Bd7 43. f5 exf5 44. Nxf5 Bxf5 45. Rxf5 Kb6
46. Ka3 Rh4 47. b4 Rc4 48. Kb3 a5 49. Rf6+ Kb7 50. bxa5 Ra4 51. Rb6+ Ka7 52.
Rxb5 Re4 53. Rb6 Rxe3 54. Rd6 Re8 55. c4 Rb8+ 56. Kc3 Rb1 57. a6 Ra1 58. Kb4
Rxa6 59. Rxa6+ Kxa6 60. Kc5 Ka7 61. Kc6 Ka6 62. Kc7 Ka7 63. c5 Ka8 64. c6 Ka7
65. Kd7 Kb8 66. c7+ Kb7 67. c8=Q+
1-0